|
|
|
|
| LEADER |
00000nab a2200000 a 4500 |
| 001 |
vtls000747102 |
| 003 |
SK-MaSNL |
| 005 |
20260304121305.0 |
| 008 |
250429c2000 xo 0 slo |
| 015 |
|
|
|a SNBRB2001/02-02517
|
| 035 |
|
|
|a CLN000098932
|
| 035 |
|
|
|a urn:nbn:sk:snk-ab6via
|
| 035 |
|
|
|a (uuid)8c9973a5-70fc-4706-b45a-220b53ce86b8
|
| 035 |
|
|
|a (urnnbn)urn:nbn:sk:snk:ar-a060t2
|
| 035 |
|
|
|a (sysno)vtls000747102
|
| 040 |
|
|
|a SNKBUCL
|b slo
|c SNKBUCL
|e AACR2
|
| 041 |
0 |
|
|a slo
|
| 044 |
|
|
|a xo
|c SK
|
| 080 |
|
|
|a 612.123
|2 1997
|
| 100 |
1 |
|
|a Fatrcová Šramková, Katarína,
|d 1976-
|4 aut
|9 194511
|
| 245 |
1 |
0 |
|a Niečo viac o cholesterole
|c Katarína Šramková
|
| 300 |
|
|
|b Obr., tab.
|
| 650 |
0 |
7 |
|a cholesterol
|2 snkbucl
|9 18377
|
| 655 |
|
7 |
|a články z novín a časopisov
|2 snkbucl
|9 267496
|
| 773 |
0 |
|
|t Výživa a zdravie
|g Roč. 45, č. 1 (2000), s. 17-20
|x 0042-9406
|
| 850 |
|
|
|a Slovenská národná knižnica
|
| 852 |
|
|
|a Slovenská národná knižnica
|
| 954 |
|
|
|a odborná, vedecká literatúra pôvodná (slovenská)
|2 lita
|
| 958 |
|
|
|a article27
|
| 958 |
|
|
|a MI
|
| 958 |
|
|
|a OND
|
| 958 |
|
|
|a EUIPO
|
| 992 |
|
|
|a RBX
|
| 999 |
|
|
|c 2884305
|d 2886235
|